| 000 | 00628nam a2200193 a 4500 | ||
|---|---|---|---|
| 003 | PILC | ||
| 005 | 20160229140055.0 | ||
| 008 | 091203s19uu xx 00 eng d | ||
| 020 | _a9781845934255 | ||
| 050 |
_aG 155.A1 _b.T59133 2008 |
||
| 245 |
_aTourism development : _bgrowth, myths and inequalities / _cedited by Peter M. Burns and Marina Novelli. |
||
| 260 |
_aUnited Kingdom : _bCAB International, _c2008. |
||
| 300 |
_a303 pages : _c26 cm. _billustrations ; |
||
| 500 | _aIncludes bibliographical references and index. | ||
| 650 | _aTourism. | ||
| 700 | _aNovelli, Marina. | ||
| 942 |
_cBK _2lcc _kFOR |
||
| 999 |
_c23771 _d23771 |
||